| 000 | 00000nam##2200000za#4500 |
| 001 | 9.597974 |
| 003 | CaOODSP |
| 005 | 20210624204317 |
| 007 | cr ||||||||||| |
| 008 | 150406|1999||||xxc|||||o f|0| 0 fre|d |
| 040 | |aCaOODSP|bfre |
| 043 | |an-cn--- |
| 086 | 1 |aTU3-5/99-7F-PDF |
| 110 | 2 |aBureau de la sécurité des transports du Canada. |
| 245 | 10|aImpact d'aile à l'atterrissage - Delta Air Lines Boeing 727-200 N8873Z, Aéroport international de Calgary (Alberta), le 10 mars 1999 |h[ressource électronique] |
| 260 | |aGatineau - Québec : |bBureau de la sécurité des transports du Canada |c[2001]. |
| 300 | |a10p. |
| 490 | 1 |aRapport d'enquête aéronautique |vA99W0043 |
| 500 | |a«Le présent rapport met fin à l'enquête du Bureau de la sécurité des transports sur cet accident. Le Bureau a autorizé la publication du rapport le 29 mars 2001.»--Page 9 sur 10. |
| 590 | |a10-10-Supp|b2010-11-09 |
| 775 | 08|tWing strike on landing - Delta Air Lines Boeing 727-200 N8873Z, Calgary International Airport, Alberta 10 March 1999 |w(CaOODSP)9.566501 |
| 830 | #0|aRapport d'enquête aéronautique ;|vA99W0043|w(CaOODSP)9.501229 |
| 856 | 40|ahttp://publications.gc.ca|qPDF|s103 Ko|uhttps://publications.gc.ca/collections/collection_2009/bst-tsb/TU3-5-99-7F.pdf|yA99W0043 |